000 00448nam a2200181Ia 4500
001 16930
005 20260306170347.0
008 260306t2010||||xx |||||||||||||| ||und||
041 _aESP
082 _a657.3
_bM26
100 _aMartínez Castillo, Aureliano
_eAUT
245 0 _aConsolidación de estados financieros
260 _c2010
300 _axx, 461 páginas :
_c23 cm.
650 _aGEN
654 _aCCO
942 _cLIB
_dJUS
_fJUS
_2ddc
_n
999 _c16930
_d16930